000 00585nam a2200169Ia 4500
008 090711s9999 xx 000 0 und d
082 _b57824
100 _aआपटे ना. ह.
245 _aसंसारात पडण्यापूर्वी
260 _bआपटे आणि मंडळी
_c1944
300 _a135
600 _aआपटे ना. ह.
630 _aसंसारात पडण्यापूर्वी
700 _aआपटे ना. ह.
730 _aसंसारात पडण्यापूर्वी
942 _cBOOK
999 _c289766
_d289766